BIBLIOTHÈQUE DE LA MAISON DU MEXIQUE

Logo 1 Logo 2

La crisis del pensamiento político y otros ensayos (notice nᵒ 12625)

détails MARC
000 -Sello discográfico
campo de control de longitud fija 01059nam a2200313 4500
005 - Identificación de versión
campo de control 20251017062823.0
035 ## - Otros números de control del sistema
Número de control del sistema 9438
099 ## - fechas locales
Tipo de ítem Koha LIBRO
100 ## - Datos de procesamiento general
Datos de procesamiento general 19930801d1956 m y1spay5003 ba
105 ## - Campo de datos codificados: Material textual, monográfico
Datos codificados de monografía y 001zy
200 1# - Título y mención de responsabilidad
Título propio La crisis del pensamiento político y otros ensayos
Designación general del material texto impreso
Otra información del título El federalismo, Austin y El acta constitutiva de 1824, Emilio Rabasa, etc
Primer mención de responsabilidad F. Jorge Gaxiola
210 ## - Publicación, distribución, etc.
Lugar de publicación, distribución, etc. México
Nombre del editor, distribuidor, etc. Manuel Porrúa
Fecha de publicación, distribución, etc. 1956
215 ## - Descripción física
Designación de material específico y extensión del ítem 256 p
Dimensiones 19 cm
345 ## - Nota de información de adquisición
Fuente de adquisición/dirección de la suscripción [OBSOLETO] Donación
410 #1 - Series
Título Biblioteca Mexicana
Número de volumen 17
607 ## - Nombre geográfico utilizado como tema
Elemento de entrada México
Subdivisión temática Constitución, 1824
Número Koha 19376
607 ## - Nombre geográfico utilizado como tema
Elemento de entrada México
Subdivisión temática Derecho constitucional
Número Koha 407
607 ## - Nombre geográfico utilizado como tema
Elemento de entrada México
Subdivisión temática Política y gobierno
Número Koha 390
660 ## - Código de área geográfica
Código MX
700 ## - Nombre personal - Responsabilidad primaria
Elemento de entrada Gaxiola
Parte del nombre distinta del elemento de entrada F. Jorge
Número Koha 19377
701 ## - Nombre personal - Responsabilidad alternativa
Elemento de entrada Rabasa Estebanell
Parte del nombre distinta del elemento de entrada Emilio
Fechas 1856-1930
Número Koha 760
801 #0 - Fuente de origen
Agencia cm
900 ## -
-- 1/9787
900 ## -
-- 710935457\\010893
942 ## - ELEMENTOS DE ENTRADA SECUNDARIOS (KOHA)
Tipo de ítem Koha Livre
996 ## -
-- MEX
-- 751145101
-- MMAG
-- 006502
-- 321.02 G11C
-- 20220609LIV
Exemplaires
Estatus retirado Estado de daño Estado de pérdida Fecha de adquisición Biblioteca de origen Biblioteca actual Ubicación en estantería Código de barras Precio de reemplazo Signatura topográfica completa No para préstamo Tipo de ítem Koha Nota pública Nota no pública
      05/08/2025 Casa México Paris Casa México Paris   006502 05/08/2025 321.02 G11C   Livre 20220609LIV 751145101